| 000 | 00814cab a22002295a 4500 | ||
|---|---|---|---|
| 001 | L159208 | ||
| 008 | 150113e2014 xxk 000 0 eng d | ||
| 035 | _a(Sirsi) u159208 | ||
| 041 | 0 | _aeng | |
| 050 | _a333.3307 $2 18 | ||
| 100 | 1 | _aCraig, Ewan | |
| 245 | 0 | 0 |
_aGetting to grips with design _h[electronic resource] |
| 260 | _c2014 | ||
| 490 |
_aRICS Building Surveying Journal _vMarch - April 2014, 26(1) |
||
| 520 | _aDiscusses the design and specification core competency. Fourth in the series on the six core competencies. | ||
| 650 | 2 | 4 |
_aAPC _96216 |
| 651 | 4 |
_aUnited Kingdom _y |
|
| 690 |
_aAPC _96216 |
||
| 690 |
_aBuilding surveying _96225 |
||
| 856 | 4 | 0 |
_uhttps://www.rics.org/Global/Building_Surveying_Journal_March-April_2014.pdf _zView the article free of charge at www.rics.org... |
| 942 | _n0 | ||
| 999 |
_c84829 _d84829 |
||